Statistics for Countries with G - Four Minute Run

Click here to take the quiz!

General Stats

  • This quiz has been taken 156 times
  • The average score is 31 of 45

Answer Stats

country% Correct
Germany
96%
Ghana
89%
Guatemala
85%
Guinea
85%
Algeria
83%
Guyana
83%
Guinea-Bissau
82%
Argentina
81%
Gambia
81%
Grenada
78%
Gabon
76%
Georgia
76%
Greece
76%
Afghanistan
75%
Bulgaria
74%
Papua New Guinea
72%
Paraguay
72%
Uruguay
72%
Egypt
71%
Niger
71%
Nigeria
71%
Equatorial Guinea
69%
Angola
68%
Belgium
68%
Mongolia
68%
United Kingdom
68%
Congo
67%
Democratic Republic
of the Congo
67%
Kyrgyzstan
67%
Portugal
67%
Bangladesh
65%
Antigua and Barbuda
63%
Togo
61%
Hungary
60%
Madagascar
60%
Luxembourg
56%
Nicaragua
56%
St Vincent and
the Grenadines
54%
Senegal
53%
Singapore
53%
Tonga
53%
Trinidad and Tobago
53%
Uganda
53%
Bosnia and Herzegovina
51%
Montenegro
50%

Score Distribution

Percentile by Number Answered

Percent of People with Each Score

Your Score History

You have not taken this quiz